| 000 | 00699cam a2200217 a 4500 | ||
|---|---|---|---|
| 001 | 000006046 | ||
| 005 | 20200929151912.0 | ||
| 008 | 980915s1998 xxu 000 p spa d | ||
| 020 | _a0935318267 | ||
| 040 |
_aDO-SdBNP _bspa _cFYM _dCUS _dNLGGC _dBNPHU |
||
| 090 |
_aCu861.44 _bM473c |
||
| 100 | 1 |
_aMayor Marsan, Maricel, _d1952- _917041 |
|
| 245 | 1 | 3 |
_aUn corazón dividido : _bA split heart / _cMaricel Mayor Marsán. |
| 260 |
_aGaithersburg, (Maryland) : _bHispamérica, _c1998. |
||
| 300 |
_a58 p. ; _c22 cm. |
||
| 500 | _aPoemas en dos idiomas Ingles y Español | ||
| 650 | 4 |
_aPoesía cubana _95226 |
|
| 650 | 4 |
_aLiteratura cubana _91483 |
|
| 910 | _aCatalogación por copia / LC | ||
| 049 | _aBNGR | ||
| 999 |
_c5842 _d5842 |
||